000
00329nam a22001457a 4500
008
221118b ||||| |||| 00| 0 eng d
020
_a
9780863776038
041
_a
eng
080
_2
volume 4
_a
51
082
_a
51BUT
100
_a
22.2
101
_a
MATE
245
_a
MATHEMATICAL COGNITION
_c
BUTTERWORTH B
942
_2
udc
_c
BK
999
_c
58937
_d
58937